Therapeutic Drug monitoring (Record no. 2877)

MARC details
000 -LEADER
fixed length control field 00359nam a22001337a 4500
008 - FIXED-LENGTH DATA ELEMENTS--GENERAL INFORMATION
fixed length control field 250404b |||||||| |||| 00| 0 eng d
020 ## - INTERNATIONAL STANDARD BOOK NUMBER
ISBN 9780443021627
245 ## - TITLE STATEMENT
Title Therapeutic Drug monitoring
260 ## - PUBLICATION, DISTRIBUTION, ETC. (IMPRINT)
Place of publication London
Name of publisher Churchill Living Stone
Date of publication 1981
300 ## - COLLATION
Pagination xii,528p
650 ## - TRACINGS
Main Subject Drugs-side effects
Subdivision (1st) Drugs Utilization
942 ## - ADDED ENTRY ELEMENTS (KOHA)
Item type Books
050 ## - LIBRARY OF CONGRESS CALL NUMBER
Classification number RM301
Item number .T47
Holdings
Source of classification or shelving scheme Not for loan Permanent location Current location Date acquired Accession No. Full call number Barcode. Koha item type
Library of Congress Classification   Medical Library Medical Library 04/04/2025 2024/6317 RM301.T47 2025-1214 Books